Balances falsos o incompletos (Registro nro. 95)
[ vista simple ]
| 000 -LEADER | |
|---|---|
| fixed length control field | 01206 a2200229 4500 |
| 001 - CONTROL NUMBER | |
| control field | 124 |
| 005 - DATE AND TIME OF LATEST TRANSACTION | |
| control field | 20260407155413.0 |
| 008 - FIXED-LENGTH DATA ELEMENTS--GENERAL INFORMATION | |
| fixed length control field | 260407a2006 arg spa d |
| 003 - CONTROL NUMBER IDENTIFIER | |
| control field | AR-UNSa-BCEJYS |
| 040 ## - CATALOGING SOURCE | |
| Original cataloging agency | AR-UNSa-BCEJYS |
| Language of cataloging | spa |
| Transcribing agency | AR-UNSa-BCEJYS |
| 080 ## - UNIVERSAL DECIMAL CLASSIFICATION NUMBER | |
| Universal Decimal Classification number | 657.62 |
| Common auxiliary subdivision | Análisis de balances. Comprobación de balances (Balances falsos) |
| 020 ## - INTERNATIONAL STANDARD BOOK NUMBER | |
| International Standard Book Number | 978-987-02-1880-7 |
| 041 ## - LANGUAGE CODE | |
| Language code of text/sound track or separate title | spa |
| 100 1# - MAIN ENTRY--PERSONAL NAME | |
| Personal name | Vargas, Carlos Alejandro |
| 245 10 - TITLE STATEMENT | |
| Title | Balances falsos o incompletos |
| 264 #1 - PRODUCTION, PUBLICATION, DISTRIBUTION, MANUFACTURE, AND COPYRIGHT NOTICE | |
| Place of production, publication, distribution, manufacture | Buenos Aires : |
| Name of producer, publisher, distributor, manufacturer | Dunken |
| Date of production, publication, distribution, manufacture, or copyright notice | 2006 |
| 300 ## - PHYSICAL DESCRIPTION | |
| Extent | 182 p. |
| Dimensions | 22 cm |
| 505 ## - FORMATTED CONTENTS NOTE | |
| Formatted contents note | 1. Aspectos previos y cuestiones conceptuales - 2. Marco legal - 3. Los objetos materiales de la acción - 4. El conocimiento del agente - 5. Cuestiones fundamentales - 6. Análisis y estudio del balance falso - 7. Configuración del delito - 8. El auditor externo y el síndico - 9. Acciones colaterales oponibles a los autores del delito y al auditor externo - 10. Estados contables del séctor público falsos o fraudulentos |
| 590 ## - LOCAL NOTE (RLIN) | |
| Local note | niveau_biblio:m niveau_hierar:0 |
| 856 41 - ELECTRONIC LOCATION AND ACCESS | |
| Uniform Resource Identifier | <a href="https://biblioeco.unsa.edu.ar/pmb/images/libros/Balances falsos o incompletos Vargas, Carlos Alejandro (2006).jpg">https://biblioeco.unsa.edu.ar/pmb/images/libros/Balances falsos o incompletos Vargas, Carlos Alejandro (2006).jpg</a> |
| Link text | Imagen de portada |
| Electronic format type | image/jpeg |
| 942 ## - ADDED ENTRY ELEMENTS (KOHA) | |
| Koha item type | |
| Withdrawn status | Lost status | Damaged status | Not for loan | Home library | Current library | Shelving location | Date acquired | Total checkouts | Full call number | Barcode | Date last seen | Price effective from | Koha item type |
|---|---|---|---|---|---|---|---|---|---|---|---|---|---|
| Biblioteca Prof. Eusebio Cleto del Rey | Biblioteca Prof. Eusebio Cleto del Rey | 07/04/2026 | 657.62 V297 | L116468 | 07/04/2026 | 07/04/2026 | Libro |